Thümer's new school of studies for the pianoforte
Saved in:
| Hovedforfatter: | |
|---|---|
| Format: | Musical Score Bog |
| Sprog: | engelsk tysk |
| Udgivet: |
Londres
Augener
1911
|
| Serier: | Augener's Edition, 6610b
|
| Fag: | |
| Tags: |
Tilføj Tag
Ingen Tags, Vær først til at tagge denne postø!
|
MARC
| LEADER | 00000ncm a2200000 a 4500 | ||
|---|---|---|---|
| 001 | UCN9259 | ||
| 003 | CL-VaPUC | ||
| 005 | 20250325095626.0 | ||
| 008 | 011130e19110000UK |||||||||||||||||eng|d | ||
| 999 | |c 298771 |d 298769 | ||
| 040 | |c Pontificia Universidad Católica de Valparaíso | ||
| 041 | 0 | 7 | |a eng |2 CL-VaPUC |
| 041 | 0 | 7 | |a ger |2 CL-VaPUC |
| 082 | 0 | 4 | |a Pn786.2193 THU 1911 |2 21 |
| 100 | 0 | |a Thümer, O |e author |9 465821 | |
| 245 | 1 | 0 | |a Thümer's new school of studies for the pianoforte |
| 260 | |a Londres |b Augener |c 1911 | ||
| 300 | |a v | ||
| 490 | 0 | |a Augener's Edition, 6610b | |
| 500 | |a v.10 p.2: Higher intermediate grade | ||
| 583 | |a last modification |c 20011130 00:00:00 |k Rodrigo Vera | ||
| 650 | 0 | |a Piano |x Estudio e instrucción |9 325053 | |
| 650 | 0 | |a Piano, ejercicios y estudio |9 328974 | |
| 650 | 0 | |a Piano |x Técnicas de ejecución |9 328975 | |
| 650 | 0 | |a Piano, interpretación |2 CL-VaPUC |9 461397 | |
| 650 | 0 | |a Piano, repertorio progresivo |9 465823 | |
| 650 | 0 | |a Pedagogía instrumental |2 CL-VaPUC |9 324009 | |
| 942 | |c BK |2 ddc | ||
| 945 | |d 20011130 00:00:00 |a lriquelm | ||
| 952 | |0 0 |1 0 |2 ddc |4 0 |6 PN_786_219300000000000_THU_1911 |7 0 |8 F |9 354693 |a BIBEDU |b BIBEDU |d 2019-11-21 |h v.10 p.2 |i 1150863 |o Pn786.2193 THU 1911 |p 1150863 |r 2023-11-22 |w 2019-11-21 |y PA |k MUS | ||